00146nam a22000617a 4500245003200000260004100032300001100073 aPrem Prakash Singh Granth / aCanada :bVirasat Foundation,c2004. a312 p.